000 00269nam a22001217a 4500
003 SGT
082 _a365.1
_bARO
100 _aARORA, DR. VARUN
245 _aSOCIAL AND PREVENTIVE PHARMACY
260 _aINDIA
_bS. VIKASH PUB.
_c2020
300 _a213
942 _2ddc
_cBK
999 _c32489
_d32489